Province che confinano con la Provincia di Monza e della Brianza - Statistics

Statistiche generali
  • Questo quiz è stato fatto 25 volte
  • Il punteggio medio è 5 su 5
Statistiche sulle risposte
Regione Provincia % Corretto
Lombardia Provincia di Como
100%
Lombardia Provincia di Lecco
100%
Lombardia Città metropolitana di Milano
96%
Lombardia Provincia di Bergamo
96%
Lombardia Provincia di Varese
87%
Nessun quiz corrispondente trovato
Distribuzione punteggi
Percentuale di utenti per punteggio
Percentile per numero di risposta
I tuoi punteggi nel tempo
Non hai fatto questo quiz